000
00304nam a22001457a 4500
020
_a
0-7214-1098-7
082
_a
823
_b
STI/S
100
_a
STIMSON, JOAN
245
_a
STORY TIME 3 YEARS OLD
250
_a
1
260
_a
UK
_b
LADYBIRD
300
_a
43
650
_a
ENGLISH SHORT STORY
_z
UK
942
_c
BK
999
_c
4663
_d
4663